Spell the Marvel Character #229 - Statistics

General Stats
  • This quiz has been taken 11 times
  • The average score is 7 of 9
Answer Stats
Picture Answer % Correct
Hawkeye
100%
Arachne
91%
Iron Fist
91%
Beast
82%
Hairball
82%
Lockheed
82%
Lockjaw
82%
Abigail Brand
73%
Redwing
64%
No matching quizzes found
Score Distribution
Percent of People with Each Score
Percentile by Number Answered
Your Score History
You have not taken this quiz